000
00231nam a22000857a 4500
008
160905b xxu||||| |||| 00| 0 eng d
100
_9
293
_a
Martin H
245
_a
School Essays and Letters
260
_a
New Delhi
_b
S.Chand publication
_c
2011
999
_c
2952
_d
2952